[Event "?"]
[Site "?"]
[Date "????.??.??"]
[Round "?"]
[White "Gabriel, W."]
[Black "Köhn, W."]
[Result "1-0"]
[WhiteElo "1733"]
[BlackElo "1531"]
[PlyCount "67"]
[EventDate "2013.??.??"]
[WhiteTeam "BSW/DBAG 5"]
[BlackTeam "SV Bannewitz"]

1. e4 c6 2. d4 d5 3. e5 c5 4. c3 e6 5. Nf3 Nc6 6. Bd3 cxd4 7. cxd4 Bb4+ 8. Nc3
Nge7 9. O-O Ng6 10. a3 Bxc3 11. bxc3 Qc7 12. Qc2 Bd7 13. Ng5 Na5 14. Nxh7 Nf8
15. Ng5 Rc8 16. Bd2 Nc4 17. Be1 Qa5 18. Qe2 Qd8 19. Qg4 f6 20. Nf3 Qe7 21. Qg3
f5 22. Nd2 Bb5 23. Nb3 b6 24. a4 Ba6 25. a5 Nxa5 26. Bxa6 Nxb3 27. Rb1 Nxd4 28.
cxd4 Rc7 29. Bb4 Qf7 30. Bd6 Rc2 31. Qb3 Qh5 32. h3 Re2 33. Qb5+ Nd7 34. Qxe2
1-0

[Event "?"]
[Site "?"]
[Date "????.??.??"]
[Round "?"]
[White "Wünschmann, B."]
[Black "Müller, H."]
[Result "1-0"]
[WhiteElo "1682"]
[BlackElo "1550"]
[PlyCount "71"]
[EventDate "2013.??.??"]
[WhiteTeam "SV Bannewitz"]
[BlackTeam "BSW/DBAG 5"]

1. b4 d5 2. Bb2 Nd7 3. e3 Nb6 4. d4 Nf6 5. a4 Bd7 6. b5 Nc4 7. Bc1 Bg4 8. Be2
Bxe2 9. Nxe2 e5 10. O-O Bd6 11. Nd2 Nxd2 12. Bxd2 O-O 13. Nc3 c6 14. bxc6 bxc6
15. Qe2 a5 16. e4 dxe4 17. Nxe4 Nxe4 18. Qxe4 Qc7 19. h3 g6 20. c4 Rfe8 21. c5
Bf8 22. Bf4 Qd7 23. Rab1 Qxd4 24. Qxd4 exd4 25. Rb6 Re6 26. Rfb1 Bg7 27. Rb8+
Re8 28. Rxa8 Rxa8 29. Bd6 h6 30. Kf1 Kh7 31. Ke2 g5 32. Rb6 Re8+ 33. Kd3 Re6
34. f3 Bf6 35. Ra6 Bd8 36. Ra8 1-0

[Event "?"]
[Site "?"]
[Date "????.??.??"]
[Round "?"]
[White "Kluge, J."]
[Black "Fleischer, M."]
[Result "1-0"]
[WhiteElo "1438"]
[BlackElo "1912"]
[PlyCount "117"]
[EventDate "2013.??.??"]
[WhiteTeam "SK Heidenau"]
[BlackTeam "Rochade MV"]

1. e4 e6 2. Nf3 c5 3. c3 Nc6 4. d4 cxd4 5. cxd4 d5 6. e5 Nge7 7. Bd3 Qb6 8. Nc3
Ng6 9. a3 Bd7 10. Na4 Qc7 11. O-O Na5 12. Bd2 Nc6 13. b4 a6 14. Rc1 b5 15. Nc5
Bxc5 16. bxc5 Na5 17. Bxa5 Qxa5 18. c6 Bc8 19. Qb3 Nf4 20. g3 Nxd3 21. Qxd3 Qc7
22. Rc2 a5 23. Rfc1 Ba6 24. Qd2 O-O 25. Ne1 Rab8 26. Nd3 b4 27. axb4 Bxd3 28.
Qxd3 axb4 29. Rb2 Rb6 30. Rcb1 Rfb8 31. Qd2 b3 32. Qe3 Rxc6 33. Rxb3 Rc8 34.
Kg2 h6 35. Rb7 Qd8 36. Ra1 R6c7 37. Rxc7 Rxc7 38. Ra6 Kh7 39. Qa3 Qg5 40. Ra7
Rxa7 41. Qxa7 Qf5 42. Kg1 Qb1+ 43. Kg2 Qe4+ 44. Kg1 Kg6 45. h3 f6 46. Qb6 h5
47. Qxe6 Qxd4 48. Qe8+ Kh6 49. e6 Qd1+ 50. Kg2 Qe2 51. e7 Qe4+ 52. Kh2 Kg5 53.
Qf7 Qf3 54. Qxg7+ Kf5 55. Kg1 Qd1+ 56. Kg2 Qe1 57. Qf7 Qe4+ 58. Kh2 Qe2 59.
Qxd5+ 1-0

[Event "?"]
[Site "?"]
[Date "????.??.??"]
[Round "?"]
[White "Micheel, P."]
[Black "Lauterbach, E."]
[Result "1/2-1/2"]
[WhiteElo "1926"]
[BlackElo "1705"]
[PlyCount "92"]
[EventDate "2013.??.??"]
[WhiteTeam "Rochade MV"]
[BlackTeam "SK Heidenau"]

1. e4 d5 2. exd5 Qxd5 3. Nc3 Qa5 4. d4 Nf6 5. Nf3 Bf5 6. Bd2 c6 7. Ne4 Qc7 8.
Nxf6+ exf6 9. Be2 Bd6 10. O-O Nd7 11. Re1 O-O 12. h3 h6 13. c4 c5 14. Bc3 Rad8
15. d5 Ne5 16. Qd2 Ng6 17. Bd3 Bxd3 18. Qxd3 Rfe8 19. Rxe8+ Rxe8 20. Re1 Rxe1+
21. Bxe1 Ne5 22. Nxe5 Bxe5 23. b4 Bd6 24. b5 Qe7 25. Bc3 Be5 26. Kf1 Bxc3 27.
Qxc3 b6 28. a4 Qe5 29. Qe1 Kf8 30. f3 g5 31. Qe2 Qa1+ 32. Kf2 Qxa4 33. d6 Qa1
34. Qe7+ Kg7 35. d7 Qd4+ 36. Ke1 Qh4+ 37. Kf1 Qxc4+ 38. Kf2 Qd4+ 39. Kg3 Qf4+
40. Kf2 Qd2+ 41. Kg1 Qd4+ 42. Kh2 Qf4+ 43. g3 Qd2+ 44. Kg1 Qd1+ 45. Kf2 Qd2+
46. Kf1 Qd1+ 1/2-1/2

[Event "?"]
[Site "?"]
[Date "????.??.??"]
[Round "?"]
[White "Weiß, H."]
[Black "Kundt, G."]
[Result "0-1"]
[WhiteElo "1632"]
[BlackElo "1512"]
[PlyCount "82"]
[EventDate "2013.??.??"]
[WhiteTeam "SK Heidenau"]
[BlackTeam "Rochade MV"]

1. f4 d5 2. Nf3 Nf6 3. d4 Bg4 4. e3 e6 5. Be2 Be7 6. O-O Nbd7 7. c3 O-O 8. Nbd2
c5 9. Ne5 Bxe2 10. Qxe2 g6 11. Ng4 Nxg4 12. Qxg4 f5 13. Qe2 Nf6 14. h3 Ne4 15.
Nxe4 dxe4 16. Rd1 Qb6 17. d5 Rad8 18. c4 Qa6 19. b3 exd5 20. Bb2 Bf6 21. Qc2 d4
22. exd4 cxd4 23. Qd2 d3 24. Bxf6 Qxf6 25. Kh1 Qd4 26. Re1 Rfe8 27. Qe3 d2 28.
Qxd4 dxe1=Q+ 29. Qg1 Qxg1+ 30. Rxg1 Rd2 31. g4 Red8 32. gxf5 Rd1 33. fxg6 Rxg1+
34. Kxg1 hxg6 35. Kf2 Rd3 36. h4 Kg7 37. b4 Kf6 38. Ke2 Kf5 39. c5 Kxf4 40. b5
Rc3 41. a4 Rxc5 0-1

[Event "?"]
[Site "?"]
[Date "????.??.??"]
[Round "?"]
[White "Zöphel, H."]
[Black "Neudel, B."]
[Result "1-0"]
[WhiteElo "2059"]
[BlackElo "1887"]
[PlyCount "61"]
[EventDate "2013.??.??"]
[WhiteTeam "Dresdner Springer"]
[BlackTeam "BSW/DBAG 2"]

1. e4 c5 2. Nf3 d6 3. d4 cxd4 4. Nxd4 Nf6 5. Nc3 a6 6. Bd3 Qc7 7. f4 e6 8. Qe2
Nc6 9. Nb3 Be7 10. O-O Nd7 11. Be3 Nc5 12. Qf2 Nxb3 13. axb3 Bd7 14. Nb5 Qc8
15. Nd4 Bf6 16. c3 Nd8 17. Qg3 g6 18. b4 Bg7 19. f5 Be5 20. Qg4 Nc6 21. fxe6
Bxe6 22. Nxe6 Qxe6 23. Qxe6+ fxe6 24. b5 Nb8 25. Bc4 a5 26. Bxe6 Nd7 27. Bxd7+
Kxd7 28. Rf7+ Kc8 29. Bb6 a4 30. Rc7+ Kb8 31. Rc4 1-0

[Event "?"]
[Site "?"]
[Date "????.??.??"]
[Round "?"]
[White "Hasivar, G."]
[Black "Wendrich, F."]
[Result "1/2-1/2"]
[WhiteElo "1687"]
[BlackElo "1958"]
[PlyCount "49"]
[EventDate "2013.??.??"]
[WhiteTeam "BSW/DBAG 2"]
[BlackTeam "Dresdner Springer"]

1. e4 e5 2. Nf3 Nc6 3. Nc3 Nf6 4. d3 d5 5. exd5 Nxd5 6. Bd2 Be7 7. Be2 O-O 8.
O-O Be6 9. h3 h6 10. Nh2 Nd4 11. a3 Qd7 12. Nxd5 Bxd5 13. Bc3 Nxe2+ 14. Qxe2 f6
15. Ng4 Rae8 16. Ne3 Bc6 17. Bb4 f5 18. Bxe7 Rxe7 19. f3 e4 20. fxe4 fxe4 21.
Rxf8+ Kxf8 22. Rf1+ Kg8 23. dxe4 Rxe4 24. Qf2 Qe8 25. Re1 1/2-1/2

[Event "?"]
[Site "?"]
[Date "????.??.??"]
[Round "?"]
[White "Schwier, M."]
[Black "Schüppen, H."]
[Result "1/2-1/2"]
[WhiteElo "2103"]
[BlackElo "1824"]
[PlyCount "40"]
[EventDate "2013.??.??"]
[WhiteTeam "Dresdner Springer"]
[BlackTeam "BSW/DBAG 2"]

1. e4 e6 2. d4 d5 3. exd5 exd5 4. Nf3 Bd6 5. Nc3 c6 6. Bg5 Nf6 7. Bd3 Bg4 8.
O-O O-O 9. Re1 Nbd7 10. h3 Bh5 11. Bf5 h6 12. Bh4 Qb6 13. Qd3 Bxf3 14. gxf3
Rfe8 15. Bxd7 Nxd7 16. Kg2 g6 17. Bg3 Bxg3 18. fxg3 Qc7 19. Qd2 Kg7 20. Qf2 Nf6
1/2-1/2

[Event "?"]
[Site "?"]
[Date "????.??.??"]
[Round "?"]
[White "Ollek, K."]
[Black "Mückan, F."]
[Result "1/2-1/2"]
[WhiteElo "1735"]
[BlackElo "2042"]
[PlyCount "69"]
[EventDate "2013.??.??"]
[WhiteTeam "BSW/DBAG 2"]
[BlackTeam "Dresdner Springer"]

1. c4 Nf6 2. Nc3 g6 3. d4 Bg7 4. Nf3 O-O 5. e3 d6 6. Be2 c6 7. O-O Qc7 8. e4
Rd8 9. Qc2 e5 10. dxe5 dxe5 11. Bg5 Bg4 12. Rad1 Nbd7 13. b4 Nf8 14. h3 Bxf3
15. Bxf3 Ne6 16. Be3 h5 17. Rxd8+ Rxd8 18. Rd1 Nd4 19. Qc1 Ne8 20. Be2 Qd6 21.
Bxd4 exd4 22. c5 Qe7 23. Nb1 Qxe4 24. Bd3 Qe7 25. Re1 Qd7 26. Qc4 Kf8 27. Nd2
Nf6 28. Nf3 Qd5 29. Qc2 Re8 30. Rxe8+ Nxe8 31. Bc4 Qd8 32. Qd2 Nc7 33. a3 a6
34. Kf1 Qf6 35. h4 1/2-1/2

[Event "?"]
[Site "?"]
[Date "????.??.??"]
[Round "?"]
[White "Ehlert, J."]
[Black "Wicklund-Hansen, R."]
[Result "1/2-1/2"]
[WhiteElo "1984"]
[BlackElo "1864"]
[PlyCount "61"]
[EventDate "2013.??.??"]
[WhiteTeam "BSW/DBAG 4"]
[BlackTeam "Norwegen 3"]

1. e4 e5 2. Nf3 Nc6 3. Bb5 a6 4. Ba4 Nf6 5. O-O Be7 6. d3 b5 7. Bb3 O-O 8. c3
d6 9. Re1 Bb7 10. Nbd2 Na5 11. Bc2 c5 12. Nf1 Qc7 13. Ng3 Rfe8 14. Nf5 Bf8 15.
Bd2 c4 16. Bg5 Nd7 17. N3h4 cxd3 18. Qxd3 Nc5 19. Qg3 Ne6 20. Be3 Kh8 21. Rad1
g6 22. Nh6 Nc4 23. Rb1 Nxe3 24. Qxe3 Qe7 25. Nf3 Bxh6 26. Qxh6 Qf8 27. Qe3 f6
28. a4 d5 29. axb5 axb5 30. Ra1 Qc5 31. Qxc5 1/2-1/2

[Event "?"]
[Site "?"]
[Date "????.??.??"]
[Round "?"]
[White "Nilsen, K."]
[Black "Kalmutzki, M."]
[Result "0-1"]
[WhiteElo "1885"]
[BlackElo "1930"]
[PlyCount "35"]
[EventDate "2013.??.??"]
[WhiteTeam "Norwegen 3"]
[BlackTeam "BSW/DBAG 4"]

1. e4 c5 2. Nf3 e6 3. d4 cxd4 4. Nxd4 Nf6 5. Nc3 d6 6. Bg5 Be7 7. Qd2 a6 8. Rd1
Qc7 9. Be2 Nbd7 10. O-O b5 11. g3 Bb7 12. b4 Rc8 13. Ncxb5 axb5 14. Nxb5 Qxc2
15. Nxd6+ Bxd6 16. Qxd6 Qxe2 17. Rfe1 Qa6 18. Qf4 0-1

[Event "?"]
[Site "?"]
[Date "????.??.??"]
[Round "?"]
[White "Scholze, R."]
[Black "Kverndal, L."]
[Result "1/2-1/2"]
[WhiteElo "1956"]
[BlackElo "1843"]
[PlyCount "87"]
[EventDate "2013.??.??"]
[WhiteTeam "BSW/DBAG 4"]
[BlackTeam "Norwegen 3"]

1. e4 c5 2. Nf3 e6 3. c3 g6 4. d4 cxd4 5. cxd4 Bg7 6. Nc3 Ne7 7. Be3 O-O 8. Qd2
b6 9. Bd3 Bb7 10. O-O d6 11. Bh6 Nbc6 12. Bxg7 Kxg7 13. Rac1 Rc8 14. Bb1 h6 15.
Rfe1 Qd7 16. Rcd1 f5 17. d5 exd5 18. Nxd5 Nxd5 19. Qxd5 fxe4 20. Bxe4 Rf6 21.
Qb5 Re6 22. Nd4 Re5 23. Qa4 Ra5 24. Qb3 Nxd4 25. Rxd4 Bxe4 26. Rdxe4 Re5 27.
Rxe5 dxe5 28. Qe3 Qd4 29. Qa3 Rc7 30. g3 e4 31. Kg2 Rf7 32. Qc3 Qxc3 33. bxc3
Re7 34. Re3 Kf6 35. Kf1 Rc7 36. Ke2 Kf5 37. h3 h5 38. Kd2 Rc4 39. Kc2 b5 40. f3
g5 41. fxe4+ Rxe4 42. Rf3+ Kg6 43. Kd3 Ra4 44. Rf2 1/2-1/2

[Event "?"]
[Site "?"]
[Date "????.??.??"]
[Round "?"]
[White "Birkestrand, O."]
[Black "Warnke, E."]
[Result "1/2-1/2"]
[WhiteElo "1823"]
[BlackElo "1848"]
[PlyCount "26"]
[EventDate "2013.??.??"]
[WhiteTeam "Norwegen 3"]
[BlackTeam "BSW/DBAG 4"]

1. e4 c5 2. c3 d5 3. exd5 Qxd5 4. d4 cxd4 5. cxd4 e6 6. a3 a6 7. Nc3 Qd8 8. Nf3
Nf6 9. Be2 Be7 10. O-O O-O 11. Bf4 b5 12. Rc1 Bd6 13. Ne5 Bb7 1/2-1/2